| 000 | 00444cam a2200181ua 4500 | ||
|---|---|---|---|
| 020 | _cRs 2.25 | ||
| 041 |
_amal _h |
||
| 082 |
_a894.812 303 _bVAR/TH |
||
| 100 | _aVarkey, Ponkunnam. | ||
| 245 |
_aThoolika chitrangal / _cPonkunnam Varkey. _hTextual Documents |
||
| 250 |
_a1 / _b. |
||
| 260 |
_aThrissur : _bCurrent Books , _c1963. |
||
| 300 | _a154 ; . | ||
| 365 | _aRs 2.25 | ||
| 504 | _a | ||
| 942 | _cBK | ||
| 999 |
_c4130 _d4130 |
||